000 01175nam1a2200289 4500
001 RU\NLR\BIBL_A\022516008
005 20250807185221.0
035 _a(NLR Aleph) 022516008
090 _a88095
_c88095
100 _a20250807 rusy50
101 0 _atuk
102 _aTM
105 _aa z 000 y
181 0 _ai
_baxxe
182 0 _an
200 1 _aҖуграфия
_eбашлангыч мектебиң ... үчин окув китаби
_fЛ. Г. Терехова ве В. Г. Эрдели
203 _aТекст
_bвизуальный
_cнепосредственный
210 _aАшгабат
_cБирлешен Түркмендѳвлетнешр
_d1942-
215 _d22
541 1 _aГеография
_e[учеб пособие для нач. шк.]
_zrus
700 1 _aТерехова
_bЛ. Г.
_gЛидия Григорьевна
_3RU\NLR\AUTH\770278601
_4070
701 1 _aЭрдели
_bВ. Г.
_f1886-1968
_gВладимир Георгиевич
_3RU\NLR\AUTH\770268140
_4070
852 _aNLR
_bОНЛ
_jТурк./3-644
942 _cBOOK
945 _aРоссийская национальная библиотека
980 _aBV